War commentaries of Caesar
Sparad:
| Huvudupphovsman: | |
|---|---|
| Materialtyp: | Bok |
| Språk: | Undetermined |
| Publicerad: |
New York
New American Library
1960
|
| Ämnen: | |
| Taggar: |
Lägg till en tagg
Inga taggar, Lägg till första taggen!
|
| Thư viện lưu trữ: | Trung tâm Học liệu Trường Đại học Cần Thơ |
|---|
| LEADER | 00604nam a2200205Ia 4500 | ||
|---|---|---|---|
| 001 | CTU_109534 | ||
| 008 | 210402s9999 xx 000 0 und d | ||
| 082 | |a 936.4 | ||
| 082 | |b C128 | ||
| 100 | |a Caesar, Julius | ||
| 245 | 0 | |a War commentaries of Caesar | |
| 245 | 0 | |c Julius Caesar ; Translated by Rex Warner | |
| 260 | |a New York | ||
| 260 | |b New American Library | ||
| 260 | |c 1960 | ||
| 650 | |a Gaul,Rome | ||
| 650 | |x History,Gallic wars,History,Civil war | ||
| 650 | |y 58-51 B.C.,49-45 B.C. | ||
| 904 | |i Minh, Q. Hiếu (sửa) | ||
| 980 | |a Trung tâm Học liệu Trường Đại học Cần Thơ | ||